Anjing dengan serigala (Record no. 145298)

MARC details
000 -LEADER
fixed length control field 00701nam a2200253 i 4500
001 - CONTROL NUMBER
control field C2-0224377
003 - CONTROL NUMBER IDENTIFIER
control field PPAK
005 - DATE AND TIME OF LATEST TRANSACTION
control field 20180728152925.0
008 - FIXED-LENGTH DATA ELEMENTS--GENERAL INFORMATION
fixed length control field 000412s1997 my a|||| ||||| | may d
020 ## - INTERNATIONAL STANDARD BOOK NUMBER
International Standard Book Number 983063406X
040 ## - CATALOGING SOURCE
Original cataloging agency PPAK
Language of cataloging eng
Transcribing agency PPAK
Description conventions rda
082 04 - DEWEY DECIMAL CLASSIFICATION NUMBER
Classification number 499.2386
Edition number 23
090 00 - LOCALLY ASSIGNED LC-TYPE CALL NUMBER (OCLC); LOCAL CALL NUMBER (RLIN)
Classification number (OCLC) (R) ; Classification number, CALL (RLIN) (NR) 499.2386
Feature heading ANJ
Feature heading K
245 00 - TITLE STATEMENT
Title Anjing dengan serigala
264 #1 - PRODUCTION, PUBLICATION, DISTRIBUTION, MANUFACTURE, AND COPYRIGHT NOTICE
Place of production, publication, distribution, manufacture Seberang Prai Tengah :
Name of producer, publisher, distributor, manufacturer Rhythm ,
Date of production, publication, distribution, manufacture, or copyright notice 1997
300 ## - PHYSICAL DESCRIPTION
Extent 16 pages :
Other physical details colour illustrations ;
Dimensions 21 cm
336 ## - CONTENT TYPE
Source rdacontent
Content type term text
337 ## - MEDIA TYPE
Source rdamedia
Media type term unmediated
338 ## - CARRIER TYPE
Source rdacarrier
Carrier type term volume
490 1# - SERIES STATEMENT
Series statement Siri cerita popular
650 10 - SUBJECT ADDED ENTRY--TOPICAL TERM
Topical term or geographic name entry element Malay language - Readers
830 #0 - SERIES ADDED ENTRY--UNIFORM TITLE
Uniform title Siri cerita popular
942 ## - ADDED ENTRY ELEMENTS (KOHA)
-- dc
Koha item type Book
Holdings
Withdrawn Not for loan Current library Shelving location Date acquired Full call number Barcode Date last seen Koha item type Total Checkouts Date last checked out
    Perpustakaan Alor Setar Pinjaman Kanak-kanak 23/07/2000 K 499.2386 ANJ A00933751 06/10/2019 Book 1 22/09/2019
    Perpustakaan Jitra Pinjaman Kanak-kanak 23/07/2000 K 499.2386 ANJ A00933754 31/05/2018 Book    
    Perpustakaan Yan Pinjaman Kanak-kanak 23/07/2000 K 499.2386 ANJ A00933756 31/05/2018 Book    
    Bergerak 1, Alor Setar Pinjaman Kanak-kanak 23/07/2000 K 499.2386 ANJ A00933757 31/05/2018 Book    
    Bergerak 1, Alor Setar Pinjaman Kanak-kanak 23/07/2000 K 499.2386 ANJ A00933758 31/05/2018 Book    
    Bergerak 3, Baling Pinjaman Kanak-kanak 23/07/2000 K 499.2386 ANJ A00933761 31/05/2018 Book    
    Bergerak 3, Baling Pinjaman Kanak-kanak 23/07/2000 K 499.2386 ANJ A00933762 31/05/2018 Book    
    Bergerak 4, Sungai Petani Pinjaman Kanak-kanak 23/07/2000 K 499.2386 ANJ A00933763 31/05/2018 Book    
    Bergerak 4, Sungai Petani Pinjaman Kanak-kanak 23/07/2000 K 499.2386 ANJ A00933764 31/05/2018 Book    
    Bergerak 5, Kulim Pinjaman Kanak-kanak 23/07/2000 K 499.2386 ANJ A00933769 31/05/2018 Book    
    Bergerak 5, Kulim Pinjaman Kanak-kanak 23/07/2000 K 499.2386 ANJ A00933765 31/05/2018 Book    
    Bergerak 5, Kulim Pinjaman Kanak-kanak 23/07/2000 K 499.2386 ANJ A00933766 31/05/2018 Book    
    PD23, Taman Mas Merah, Titi Gajah, Alor Setar Pinjaman Kanak-kanak 12/04/2000 K 499.2386 ANJ A00918043 31/05/2018 Book    
    PD23, Taman Mas Merah, Titi Gajah, Alor Setar Pinjaman Kanak-kanak 12/04/2000 K 499.2386 ANJ A00918044 31/05/2018 Book    
    PD24, Felda Bukit Tangga, Bukit Kayu Hitam Pinjaman Kanak-kanak 12/04/2000 K 499.2386 ANJ A00918045 31/05/2018 Book    
    PD24, Felda Bukit Tangga, Bukit Kayu Hitam Pinjaman Kanak-kanak 12/04/2000 K 499.2386 ANJ A00918046 31/05/2018 Book    
    PD25, KEDA Batu 13, Pokok Sena Pinjaman Kanak-kanak 12/04/2000 K 499.2386 ANJ A00918047 31/05/2018 Book    
    PD27, Kg. Bendang Bukit, Pendang Pinjaman Kanak-kanak 12/04/2000 K 499.2386 ANJ A00918051 31/05/2018 Book    
    PD27, Kg. Bendang Bukit, Pendang Pinjaman Kanak-kanak 12/04/2000 K 499.2386 ANJ A00918052 31/05/2018 Book    
    PD28, Kg. Paya Kerchut, Pendang Pinjaman Kanak-kanak 12/04/2000 K 499.2386 ANJ A00918053 31/05/2018 Book    
    PD28, Kg. Paya Kerchut, Pendang Pinjaman Kanak-kanak 12/04/2000 K 499.2386 ANJ A00918054 31/05/2018 Book